000 00317nam a2200133Ia 4500
005 20251222142028.0
008 251222s9999||||xx |||||||||||||| ||spa||
020 _a84-206-7238-6
082 _a848.9/C24H/2001
100 _aCamus, Albert
245 0 _aEl Hombre Rebelde
264 _bAlianza Editorial
942 _cLIB
999 _c10878
_d10878